| 000 | 00564nam a2200229Ia 4500 | ||
|---|---|---|---|
| 003 | OSt | ||
| 005 | 20221007111617.0 | ||
| 006 | a|||||r|||| 00| 0 | ||
| 007 | ta | ||
| 008 | 221006b |||||||| |||| 00| 0 eng d | ||
| 024 | _a23,922 | ||
| 037 | _cTextual | ||
| 040 |
_aLCO _cLCO _beng |
||
| 041 |
_2eng _aeng |
||
| 100 |
_aLal H.K. _9708416 |
||
| 245 | 0 | _aVeterinarian and the Law | |
| 260 |
_aBombay _bTimes of India Press India _c1971 |
||
| 300 | _a488 | ||
| 650 |
_aVETERINARIAN _9708417 |
||
| 942 | _cTEXL | ||
| 999 |
_c1193485 _d1193485 |
||